France: plus grandes villes de banlieue - Statistiques

Statistiques générales
  • Ce quiz a été pris 92 fois
  • Le résultat moyen est 28 sur 56
Statistiques - réponses
Classement Rang national Population Département Nom de la commune % Correct
2 22 148 000 93 Saint-Denis
86%
1 16 162 000 69 Villeurbanne
86%
8 45 98 000 92 Nanterre
80%
6 43 99 000 59 Roubaix
75%
4 37 110 000 93 Montreuil
74%
5 39 107 000 95 Argenteuil
73%
3 33 120 000 92 Boulogne-Billancourt
72%
10 47 92 000 94 Créteil
68%
7 44 99 000 59 Tourcoing
67%
15 57 83 000 78 Versailles
67%
13 52 89 000 93 Aubervilliers
65%
28 83 66 000 91 Évry-Courcouronnes
62%
33 94 62 000 59 Villeneuve-d'Ascq
62%
30 86 64 000 94 Ivry-sur-Seine
61%
36 99 59 000 92 Neuilly-sur-Seine
60%
43 111 55 000 93 Bobigny
59%
23 76 69 000 95 Cergy
58%
37 100 58 000 95 Sarcelles
55%
9 46 95 000 94 Vitry-sur-Seine
55%
14 55 86 000 93 Aulnay-sous-Bois
54%
19 66 77 000 33 Mérignac
54%
25 78 67 000 92 Issy-les-Moulineaux
53%
27 82 66 000 69 Vénissieux
53%
53 130 51 000 93 Bondy
51%
24 77 68 000 92 Levallois-Perret
51%
34 95 60 000 93 Pantin
51%
29 84 65 000 92 Clichy
49%
11 49 91 000 92 Asnières-sur-Seine
48%
12 50 90 000 92 Colombes
48%
16 59 81 000 92 Courbevoie
48%
41 108 56 000 77 Meaux
48%
26 81 66 000 33 Pessac
47%
22 75 71 000 93 Drancy
45%
18 64 78 000 94 Champigny-sur-Marne
42%
17 60 80 000 92 Rueil-Malmaison
42%
51 127 51 000 93 Sevran
42%
50 124 52 000 69 Vaulx-en-Velin
42%
32 91 62 000 83 La Seyne-sur-Mer
41%
31 89 64 000 92 Antony
40%
20 68 76 000 94 Saint-Maur-des-fossés
40%
45 117 53 000 91 Corbeil-Essones
39%
42 110 55 000 83 Hyères
39%
56 134 50 000 44 Saint-Herblain
39%
38 103 58 000 94 Villejuif
39%
55 133 50 000 91 Massy
38%
21 73 71 000 93 Noisy-le-Grand
38%
47 120 53 000 93 Saint-Ouen-sur-Seine
38%
54 131 50 000 92 Gennevilliers
36%
44 115 54 000 77 Chelles
35%
46 118 53 000 93 Épinay-sur-Seine
35%
35 98 59 000 93 Le Blanc-Mesnil
33%
40 106 56 000 92 Clamart
31%
39 105 57 000 94 Maisons-Alfort
31%
48 122 52 000 06 Cagnes-sur-Mer
29%
52 128 51 000 78 Sartrouville
28%
49 123 52 000 94 Fontenay-sous-Bois
27%
Aucun quiz correspondant
Distribution des résultats
% des personnes avec chaque résultat
Percentile par nombre de réponses
Votre historique - résultats
Vous n’avez pas pris ce quiz